00595cam a2200193 4500001001100000008004100011020001500052035001500067050002600082245006100108260002800169300002100197440003700218504003100255650003900286650001100325700003200336700003300368BUCI005855 s1990 mx a spa  a9682926971 aBUCI00585500aF1221b.Z6 bZ66 199014aLos Zoquez de Chiapas /cAlfonso Villa Rojas ... [et al] aMéxico :bSep, c1990 a278 p. ;c21 cm. 0aColección Presencias ;vNo. 30 aBibliografia: p. 261 - 27410aIndios de México xChiapas, etc.20aZoques1 aVilla Rojas, Alfonso, coaut1 aVelasco Toro, Jose M., coaut